Microwave filters for communication systems : (Record no. 17118)
[ view plain ]
| 000 -LEADER | |
|---|---|
| fixed length control field | 00881cam a2200241 a 4500 |
| 001 - CONTROL NUMBER | |
| control field | 14625419 |
| 005 - DATE AND TIME OF LATEST TRANSACTION | |
| control field | 20201128020937.0 |
| 008 - FIXED-LENGTH DATA ELEMENTS--GENERAL INFORMATION | |
| fixed length control field | 061106t2007 njua frb 001 0 eng d |
| 020 ## - INTERNATIONAL STANDARD BOOK NUMBER | |
| International Standard Book Number | 9780471450221 |
| 082 04 - DEWEY DECIMAL CLASSIFICATION NUMBER | |
| Classification number | 621.38133 |
| Edition number | 22 |
| Item number | CAM |
| 100 1# - MAIN ENTRY--PERSONAL NAME | |
| Personal name | Cameron, Richard J. |
| 9 (RLIN) | 31503 |
| 245 10 - TITLE STATEMENT | |
| Title | Microwave filters for communication systems : |
| Remainder of title | fundamentals, design, and applications / |
| Statement of responsibility, etc | Richard J. Cameron, Chandra M. Kudsia, Raafat R. Mansour. |
| 260 ## - PUBLICATION, DISTRIBUTION, ETC. (IMPRINT) | |
| Place of publication, distribution, etc | Hoboken : |
| Name of publisher, distributor, etc | Wiley-Interscience, |
| Date of publication, distribution, etc | c.2007. |
| 300 ## - PHYSICAL DESCRIPTION | |
| Extent | xxxi, 771 p. : |
| Other physical details | ill. ; |
| Dimensions | 25 cm. |
| 504 ## - BIBLIOGRAPHY, ETC. NOTE | |
| Bibliography, etc | Includes bibliographical references and index. |
| 650 #7 - SUBJECT ADDED ENTRY--TOPICAL TERM | |
| Topical term or geographic name as entry element | Microwave filters. |
| 9 (RLIN) | 31426 |
| Source of heading or term | BUEsh |
| 650 #7 - SUBJECT ADDED ENTRY--TOPICAL TERM | |
| Topical term or geographic name as entry element | Telecommunication systems. |
| 9 (RLIN) | 1259 |
| Source of heading or term | BUEsh |
| 651 ## - SUBJECT ADDED ENTRY--GEOGRAPHIC NAME | |
| Source of heading or term | BUEsh |
| 653 ## - INDEX TERM--UNCONTROLLED | |
| Resource For college | Engineering, General |
| Arrived date list | November2012 |
| -- | February2017 |
| 700 1# - ADDED ENTRY--PERSONAL NAME | |
| Personal name | Kudsia, Chandra M. |
| 9 (RLIN) | 31505 |
| 700 1# - ADDED ENTRY--PERSONAL NAME | |
| Personal name | Mansour, Raafat R. |
| 9 (RLIN) | 31506 |
| 942 ## - ADDED ENTRY ELEMENTS (KOHA) | |
| Source of classification or shelving scheme | Dewey Decimal Classification |
| Item type | Book - Borrowing |
| Withdrawn status | Item status | Source of classification or shelving scheme | Damaged status | Not for loan | Vendor | Home library | Current library | Shelving location | Date acquired | Source of acquisition | Cost, normal purchase price | Serial Enumeration / chronology | Total Checkouts | Total Renewals | Full call number | Barcode | Date last seen | Date last borrowed | Koha item type | Cost, replacement price |
|---|---|---|---|---|---|---|---|---|---|---|---|---|---|---|---|---|---|---|---|---|
| Dewey Decimal Classification | Baccah | Central Library | Central Library | First floor | 26/11/2012 | 861.00 | 16429 | 4 | 16 | 621.38133 CAM | 000027848 | 15/07/2025 | 28/08/2016 | Book - Borrowing | ||||||
| Dewey Decimal Classification | Baccah | Central Library | Central Library | First floor | 09/02/2017 | Purchase | 2870.00 | 1 | 21 | 621.38133 CAM | 000041157 | 15/07/2025 | 15/02/2017 | NB - Book (Non borrowing) | 3588.00 |